[Event "2021 FIDE Online Olympiad"]
[Site "Chess.com"]
[Date "2021.08.27"]
[Round "2.3"]
[White "Vazquez Maccarini, Danitza"]
[Black "Varela La Madrid, Tilsia Carolina"]
[Result "1/2-1/2"]
[WhiteElo "2014"]
[BlackElo "2033"]
[PlyCount "99"]
[EventDate "2021.08.27"]
[EventType "team"]
[EventRounds "9"]
[SourceVersionDate "2018.05.14"]
[WhiteTeam "Puerto Rico"]
[BlackTeam "Venezuela"]
[WhiteTeamCountry "PUR"]
[BlackTeamCountry "VEN"]

1. e4 e5 2. Nf3 Nc6 3. Bb5 Nf6 4. d3 Bc5 5. c3 d6 6. h3 a6 7. Ba4 Ba7 8. Nbd2
O-O 9. O-O Ne7 10. Re1 Ng6 11. Nf1 h6 12. Ng3 Nh7 13. Bb3 Be6 14. d4 Bxb3 15.
Qxb3 b5 16. Nf5 Ng5 17. Bxg5 hxg5 18. Rad1 Qf6 19. Nh2 Nf4 20. Ng4 Qe6 21. dxe5
Qxb3 22. axb3 dxe5 23. Nxe5 Rfe8 24. Nc6 Bb6 25. Nfd4 Ne6 26. b4 Nxd4 27. cxd4
a5 28. bxa5 Bxa5 29. Re3 Bb6 30. f3 Re6 31. Nb4 c5 32. Nd5 cxd4 33. Nxb6 Rxb6
34. Rxd4 Ra2 35. Rb3 Rc6 36. Rxb5 Rc1+ 37. Kh2 Rc2 38. Rdb4 f6 39. Rb7 Kh7 40.
Kg3 Kh6 41. R4b5 Re2 42. R7b6 Ra1 43. Kh2 Rf1 44. e5 Rff2 45. exf6 Rxg2+ 46.
Kh1 Rh2+ 47. Kg1 Rhg2+ 48. Kh1 Rh2+ 49. Kg1 Rhg2+ 50. Kh1 1/2-1/2

[Event "2021 FIDE Online Olympiad"]
[Site "Chess.com"]
[Date "2021.08.27"]
[Round "2.4"]
[White "Patino Garcia, Corals"]
[Black "Rivera Negron, Yanira"]
[Result "1-0"]
[WhiteElo "1799"]
[BlackElo "1773"]
[PlyCount "137"]
[EventDate "2021.08.27"]
[EventType "team"]
[EventRounds "9"]
[SourceVersionDate "2018.05.14"]
[WhiteTeam "Venezuela"]
[BlackTeam "Puerto Rico"]
[WhiteTeamCountry "VEN"]
[BlackTeamCountry "PUR"]

1. d4 d5 2. Bf4 Nf6 3. e3 c6 4. Nd2 Bf5 5. c4 e6 6. Qb3 Qb6 7. Ngf3 Nbd7 8. h3
h6 9. c5 Qxb3 10. axb3 Be7 11. b4 O-O 12. b5 a5 13. b6 Ne4 14. g4 Bh7 15. Bd3
f5 16. Bxe4 fxe4 17. Ne5 Nxe5 18. Bxe5 Bh4 19. Bg3 Bxg3 20. fxg3 Bg6 21. Ke2 h5
22. gxh5 Bxh5+ 23. g4 Be8 24. Ra3 Bd7 25. Rha1 Rab8 26. Rxa5 Kf7 27. Rf1+ Kg6
28. Rxf8 Rxf8 29. Ra7 Rb8 30. Kf2 Kf6 31. Kg3 e5 32. Nb3 g5 33. dxe5+ Kxe5 34.
Nd4 Be6 35. b4 Bd7 36. Kg2 Kf6 37. Ra2 Kg6 38. Kg3 Kf6 39. Ra5 Ke5 40. Ra7 Be8
41. h4 gxh4+ 42. Kxh4 Bd7 43. Kg3 Bc8 44. b5 cxb5 45. Nxb5 Bd7 46. Nd4 Bc8 47.
c6 Bxg4 48. Kxg4 Rg8+ 49. Kh3 bxc6 50. Nxc6+ Kd6 51. Nd4 Rb8 52. Rg7 Kc5 53. b7
Kb6 54. Kg4 Rxb7 55. Rxb7+ Kxb7 56. Kf5 Kb6 57. Ke5 Kc5 58. Ne2 Kc4 59. Nf4 Kc3
60. Kxd5 Kd2 61. Kxe4 Kc3 62. Nd5+ Kc4 63. Nf6 Kc5 64. Ke5 Kc6 65. Ke6 Kc5 66.
e4 Kd4 67. e5 Kc5 68. Kd7 Kd4 69. e6 1-0

[Event "2021 FIDE Online Olympiad"]
[Site "Chess.com"]
[Date "2021.08.27"]
[Round "2.5"]
[White "Mejias Nunez, Rafael E."]
[Black "Escalona Landi, Samid Eduardo"]
[Result "0-1"]
[WhiteElo "1657"]
[BlackElo "2177"]
[PlyCount "76"]
[EventDate "2021.08.27"]
[EventType "team"]
[EventRounds "9"]
[SourceVersionDate "2018.05.14"]
[WhiteTeam "Puerto Rico"]
[BlackTeam "Venezuela"]
[WhiteTeamCountry "PUR"]
[BlackTeamCountry "VEN"]

1. e4 g6 2. d4 Bg7 3. Nf3 d6 4. Bc4 e6 5. Bb3 Ne7 6. h4 h6 7. Nc3 a6 8. Ne2 b6
9. c3 Bb7 10. Ng3 Nd7 11. Qe2 c5 12. Bf4 Qc7 13. d5 exd5 14. exd5 O-O 15. O-O-O
Nf6 16. Qd2 c4 17. Bc2 h5 18. Ne4 Nxe4 19. Bxe4 f5 20. Bc2 Nxd5 21. Nd4 Nxf4
22. Qxf4 Rae8 23. Rhe1 Be5 24. Qg5 Qg7 25. Ne2 Kh7 26. Qe3 b5 27. Qb6 f4 28. f3
Rb8 29. Qf2 b4 30. Nd4 Rfe8 31. Qg1 bxc3 32. bxc3 Qc7 33. g4 fxg3 34. Ne2 Bxf3
35. Nxg3 Bf4+ 36. Rd2 Qb7 37. Bxg6+ Kxg6 38. Rxe8 Qb1# 0-1

[Event "2021 FIDE Online Olympiad"]
[Site "Chess.com"]
[Date "2021.08.27"]
[Round "2.6"]
[White "Matute Escobar, Roxanny"]
[Black "Alvarado Perez, Coralys M."]
[Result "1-0"]
[WhiteElo "1728"]
[BlackElo "1529"]
[PlyCount "69"]
[EventDate "2021.08.27"]
[EventType "team"]
[EventRounds "9"]
[SourceVersionDate "2018.05.14"]
[WhiteTeam "Venezuela"]
[BlackTeam "Puerto Rico"]
[WhiteTeamCountry "VEN"]
[BlackTeamCountry "PUR"]

1. e4 g6 2. d4 Bg7 3. Nf3 c5 4. c3 cxd4 5. cxd4 d5 6. e5 Nh6 7. Nc3 O-O 8. Be2
Bg4 9. O-O e6 10. Bg5 Qb6 11. Qd2 Nf5 12. Na4 Qc7 13. Nc5 b6 14. Nb3 Qb7 15.
Rac1 Nd7 16. h3 Bxf3 17. Bxf3 h6 18. Bf4 Rac8 19. Be2 g5 20. Be3 f6 21. exf6
Nxf6 22. Bd3 Nd6 23. Qe2 Qd7 24. Nd2 Rxc1 25. Rxc1 Rc8 26. Re1 Kf7 27. f3 Qa4
28. Bf2 Re8 29. Bb1 Nc4 30. b3 Qb5 31. bxc4 dxc4 32. Qxc4 Qd7 33. Qd3 Kf8 34.
Nc4 Nd5 35. Ne5 1-0

[Event "2021 FIDE Online Olympiad"]
[Site "Chess.com"]
[Date "2021.08.27"]
[Round "2.1"]
[White "Arias, Lemnys A."]
[Black "Khoa, Goodwill"]
[Result "1-0"]
[WhiteElo "2303"]
[BlackElo "1846"]
[PlyCount "109"]
[EventDate "2021.08.27"]
[EventType "team"]
[EventRounds "9"]
[SourceVersionDate "2018.05.14"]
[WhiteTeam "El Salvador"]
[BlackTeam "Namibia"]
[WhiteTeamCountry "ESA"]
[BlackTeamCountry "NAM"]

1. d4 g6 2. Nf3 Bg7 3. e4 d6 4. h3 c5 5. c3 cxd4 6. cxd4 Nc6 7. Nc3 Bd7 8. Be3
Nf6 9. d5 Ne5 10. Nxe5 dxe5 11. Bc4 O-O 12. O-O Rc8 13. Qe2 a6 14. a4 Nh5 15.
Bb3 Nf4 16. Bxf4 exf4 17. e5 Qb6 18. Ra3 Qb4 19. Na2 Qd4 20. Re1 Bf5 21. Nc3
Qb4 22. Na2 Qc5 23. a5 Rfd8 24. Nc3 Qb4 25. Ba2 Bd7 26. Qd2 f3 27. Rb3 Qxa5 28.
Rxb7 fxg2 29. Kxg2 e6 30. Qe2 exd5 31. Bxd5 Bc6 32. Bxc6 Rxc6 33. Qf3 Rc7 34.
b4 Rxc3 35. bxa5 Rxf3 36. Kxf3 Rd5 37. Rb8+ Bf8 38. e6 fxe6 39. Rxe6 Rxa5 40.
Rf6 Rf5+ 41. Rxf5 gxf5 42. Kf4 Kg7 43. Kxf5 a5 44. Ra8 Bb4 45. Ra6 Bc3 46. f4
Bb4 47. h4 Bc3 48. h5 Bb4 49. h6+ Kf7 50. Ra7+ Kg8 51. Ke6 Bf8 52. Ra8 a4 53.
f5 a3 54. f6 a2 55. f7+ 1-0

[Event "2021 FIDE Online Olympiad"]
[Site "Chess.com"]
[Date "2021.08.27"]
[Round "2.2"]
[White "Handjaba, Mclean"]
[Black "Guevara Sanchez, Erick Marvin"]
[Result "1/2-1/2"]
[WhiteElo "1909"]
[BlackElo "2173"]
[PlyCount "61"]
[EventDate "2021.08.27"]
[EventType "team"]
[EventRounds "9"]
[SourceVersionDate "2018.05.14"]
[WhiteTeam "Namibia"]
[BlackTeam "El Salvador"]
[WhiteTeamCountry "NAM"]
[BlackTeamCountry "ESA"]

1. d4 f5 2. e4 fxe4 3. Nc3 Nf6 4. Bg5 g6 5. Bxf6 exf6 6. Nxe4 Bg7 7. Nf3 O-O 8.
Be2 b6 9. O-O Bb7 10. Qd3 Re8 11. Ng3 d5 12. Rfe1 c5 13. Rad1 Ba6 14. Qd2 Bxe2
15. Rxe2 Rxe2 16. Nxe2 c4 17. Nf4 Qd7 18. Qe2 Nc6 19. Re1 Kf7 20. Qe6+ Qxe6 21.
Nxe6 Re8 22. Nxg7 Rxe1+ 23. Nxe1 Nxd4 24. Nh5 gxh5 25. Kf1 Ke7 26. c3 Ne6 27.
Ke2 Kd6 28. Ke3 Kc5 29. Nc2 b5 30. h4 a5 31. a3 1/2-1/2

[Event "2021 FIDE Online Olympiad"]
[Site "Chess.com"]
[Date "2021.08.27"]
[Round "2.3"]
[White "Ortez, Andrea"]
[Black "Mentile, Lishen"]
[Result "1-0"]
[WhiteElo "1969"]
[BlackElo "1477"]
[PlyCount "89"]
[EventDate "2021.08.27"]
[EventType "team"]
[EventRounds "9"]
[SourceVersionDate "2018.05.14"]
[WhiteTeam "El Salvador"]
[BlackTeam "Namibia"]
[WhiteTeamCountry "ESA"]
[BlackTeamCountry "NAM"]

1. e4 d5 2. exd5 Qxd5 3. Nc3 Qa5 4. d4 c6 5. Bd2 Qd8 6. Nf3 Nf6 7. h3 Bf5 8.
Bc4 e6 9. Bb3 h6 10. Qe2 Be7 11. O-O-O Nbd7 12. Ne5 Qb6 13. g4 Bh7 14. Nxf7 Rf8
15. Qxe6 Bg8 16. Rhe1 Rxf7 17. Bf4 O-O-O 18. Na4 Qa5 19. Bg3 Re8 20. Qe2 Rff8
21. Qd3 Bxb3 22. Qxb3 Nd5 23. Nc3 Nxc3 24. bxc3 Nb6 25. f4 Bd6 26. Rxe8+ Rxe8
27. Rf1 Rf8 28. Qe6+ Kc7 29. Rf3 Nd5 30. f5 Bxg3 31. Rxg3 Rd8 32. g5 hxg5 33.
Rxg5 Nxc3 34. Rxg7+ Kb6 35. Qb3+ Nb5 36. a4 Qc3 37. axb5 Qxb3 38. cxb3 Rxd4 39.
bxc6 Kxc6 40. f6 Rf4 41. f7 Rf1+ 42. Kd2 Rf6 43. h4 Kd7 44. f8=Q+ Ke6 45. Re7+
1-0

[Event "2021 FIDE Online Olympiad"]
[Site "Chess.com"]
[Date "2021.08.27"]
[Round "2.4"]
[White "Horn, Lure"]
[Black "Garcia, Angie"]
[Result "0-1"]
[WhiteElo "1066"]
[BlackElo "1802"]
[PlyCount "62"]
[EventDate "2021.08.27"]
[EventType "team"]
[EventRounds "9"]
[SourceVersionDate "2018.05.14"]
[WhiteTeam "Namibia"]
[BlackTeam "El Salvador"]
[WhiteTeamCountry "NAM"]
[BlackTeamCountry "ESA"]

1. e4 e6 2. Nf3 d5 3. exd5 exd5 4. d4 Bd6 5. Nc3 c6 6. Bd3 Ne7 7. O-O O-O 8.
Ng5 h6 9. Qh5 Bf5 10. Bxf5 Nxf5 11. Nf3 Qf6 12. Re1 Nd7 13. Qg4 Rfe8 14. Bd2
Nf8 15. Rxe8 Rxe8 16. Nd1 Re4 17. Qh3 Nxd4 18. Ne3 Nxf3+ 19. gxf3 Rh4 20. Qf5
Qxb2 21. Re1 Bxh2+ 22. Kg2 Qe5 23. Qxe5 Bxe5 24. Ng4 Bd6 25. Rg1 Ng6 26. Re1 h5
27. Re8+ Kh7 28. Rd8 hxg4 29. Rxd6 gxf3+ 30. Kxf3 Ra4 31. Rd7 Ne5+ 0-1

[Event "2021 FIDE Online Olympiad"]
[Site "Chess.com"]
[Date "2021.08.27"]
[Round "2.5"]
[White "Melara, Moises"]
[Black "Gaoseb, Manfredo"]
[Result "1-0"]
[WhiteElo "1979"]
[BlackElo "1647"]
[PlyCount "65"]
[EventDate "2021.08.27"]
[EventType "team"]
[EventRounds "9"]
[SourceVersionDate "2018.05.14"]
[WhiteTeam "El Salvador"]
[BlackTeam "Namibia"]
[WhiteTeamCountry "ESA"]
[BlackTeamCountry "NAM"]

1. e4 c5 2. Nc3 Nc6 3. g3 g6 4. Bg2 Bg7 5. d3 Nf6 6. Be3 d6 7. h3 a6 8. f4 Bd7
9. Nf3 Qc7 10. g4 e6 11. Qd2 Ng8 12. d4 cxd4 13. Nxd4 Nge7 14. Nb3 Rd8 15. Rd1
Bc8 16. O-O O-O 17. Qf2 Qb8 18. Bb6 Rd7 19. Na4 Re8 20. Rd2 d5 21. e5 Rc7 22.
c3 Bd7 23. Bxc7 Qxc7 24. Nac5 Bc8 25. Rfd1 Na5 26. Nxa5 Qxa5 27. b4 Qc7 28. c4
b6 29. cxd5 exd5 30. Nb3 Bb7 31. Rc1 Qd7 32. Qxb6 Rc8 33. Nc5 1-0

[Event "2021 FIDE Online Olympiad"]
[Site "Chess.com"]
[Date "2021.08.27"]
[Round "2.6"]
[White "Beukes, Jamie-Nicole"]
[Black "Vasquez Vasquez, Marielos"]
[Result "0-1"]
[WhiteElo "1128"]
[BlackElo "1498"]
[PlyCount "46"]
[EventDate "2021.08.27"]
[EventType "team"]
[EventRounds "9"]
[SourceVersionDate "2018.05.14"]
[WhiteTeam "Namibia"]
[BlackTeam "El Salvador"]
[WhiteTeamCountry "NAM"]
[BlackTeamCountry "ESA"]

1. e4 c5 2. Nf3 Nc6 3. Bb5 g6 4. c3 d5 5. Qe2 a6 6. exd5 Qxd5 7. Bc4 Qd6 8. Ng5
Ne5 9. Bb3 Bg7 10. f4 Nd3+ 11. Kd1 Bg4 12. Nf3 Nf6 13. h3 Nxf4 14. Qc4 Be6 15.
Qf1 Bxb3+ 16. axb3 Nd3 17. Kc2 O-O-O 18. Na3 b5 19. c4 b4 20. Nb1 Ne4 21. Ne1
Nef2 22. Rg1 Nxe1+ 23. Qxe1 Qd3# 0-1

[Event "2021 FIDE Online Olympiad"]
[Site "Chess.com"]
[Date "2021.08.27"]
[Round "2.1"]
[White "Sanchez Alvarez, Roberto Carlos"]
[Black "Ortiz, Marcos"]
[Result "1-0"]
[WhiteElo "2418"]
[BlackElo "2221"]
[PlyCount "67"]
[EventDate "2021.08.27"]
[EventType "team"]
[EventRounds "9"]
[SourceVersionDate "2018.05.14"]
[WhiteTeam "Panama"]
[BlackTeam "Nicaragua"]
[WhiteTeamCountry "PAN"]
[BlackTeamCountry "NCA"]

1. Nf3 Nf6 2. c4 g6 3. Nc3 Bg7 4. e4 d6 5. d4 O-O 6. h3 e5 7. d5 a5 8. g4 h5 9.
g5 Nfd7 10. Be3 Na6 11. Nd2 Nac5 12. a3 a4 13. Qc2 c6 14. O-O-O Qa5 15. Kb1 Re8
16. Rg1 Bf8 17. Be2 Be7 18. Rdf1 Nb6 19. f4 exf4 20. Rxf4 Nbd7 21. Bxh5 Ne5 22.
Be2 Bd7 23. h4 b5 24. dxc6 Bxc6 25. cxb5 Bb7 26. Nc4 Qd8 27. Bxc5 dxc5 28. Nxe5
Qc7 29. Bc4 Qxe5 30. Rxf7 Kh8 31. h5 Qd4 32. Rh1 Qxc4 33. hxg6+ Kg8 34. Rh8+
1-0

[Event "2021 FIDE Online Olympiad"]
[Site "Chess.com"]
[Date "2021.08.27"]
[Round "2.2"]
[White "Alfaro, William"]
[Black "Tapia, Alexei"]
[Result "1/2-1/2"]
[WhiteElo "2165"]
[BlackElo "1983"]
[PlyCount "25"]
[EventDate "2021.08.27"]
[EventType "team"]
[EventRounds "9"]
[SourceVersionDate "2018.05.14"]
[WhiteTeam "Nicaragua"]
[BlackTeam "Panama"]
[WhiteTeamCountry "NCA"]
[BlackTeamCountry "PAN"]

1. d4 Nf6 2. Bf4 e6 3. e3 c5 4. Nf3 Nc6 5. c3 d5 6. Bd3 Bd6 7. Bg3 O-O 8. Nbd2
b6 9. e4 dxe4 10. Nxe4 Be7 11. dxc5 bxc5 12. Qe2 Bb7 13. h4 1/2-1/2

[Event "2021 FIDE Online Olympiad"]
[Site "Chess.com"]
[Date "2021.08.27"]
[Round "2.3"]
[White "Barria Baker, Raisa Melissa"]
[Black "Granados Diaz, Maria Esther"]
[Result "0-1"]
[WhiteElo "1998"]
[BlackElo "1797"]
[PlyCount "90"]
[EventDate "2021.08.27"]
[EventType "team"]
[EventRounds "9"]
[SourceVersionDate "2018.05.14"]
[WhiteTeam "Panama"]
[BlackTeam "Nicaragua"]
[WhiteTeamCountry "PAN"]
[BlackTeamCountry "NCA"]

1. d4 d5 2. Nf3 Nf6 3. c4 e6 4. Nc3 b6 5. cxd5 exd5 6. Bg5 Be7 7. e3 O-O 8. Bd3
c5 9. O-O Bg4 10. h3 Bh5 11. Rc1 c4 12. Bb1 Nc6 13. Re1 a6 14. a4 Rb8 15. g4
Bg6 16. Ne5 Nb4 17. f4 Bxb1 18. Rxb1 Ne4 19. Bxe7 Qxe7 20. Nxe4 dxe4 21. Nxc4
Qh4 22. Kg2 Rbc8 23. Qb3 a5 24. Re2 h5 25. g5 Nd3 26. Rf1 Rc6 27. d5 Rc5 28.
Nd6 f5 29. Qxb6 Rc1 30. Rxc1 Nxc1 31. Rf2 Nd3 32. Re2 Ne1+ 33. Kh2 Nf3+ 34. Kg2
Ne1+ 35. Kf1 Nf3 36. Nxe4 Qxh3+ 37. Kf2 Nh4 38. Qe6+ Kh8 39. Ke1 Qh1+ 40. Kd2
Qxe4 41. Qd6 Nf3+ 42. Kd1 Qd3+ 43. Kc1 Rc8+ 44. Qc6 Rxc6+ 45. dxc6 Qxe2 0-1

[Event "2021 FIDE Online Olympiad"]
[Site "Chess.com"]
[Date "2021.08.27"]
[Round "2.4"]
[White "Narvaez Talavera, Joanie Ellen"]
[Black "Chung, Yaleika"]
[Result "0-1"]
[WhiteElo "1743"]
[BlackElo "1744"]
[PlyCount "162"]
[EventDate "2021.08.27"]
[EventType "team"]
[EventRounds "9"]
[SourceVersionDate "2018.05.14"]
[WhiteTeam "Nicaragua"]
[BlackTeam "Panama"]
[WhiteTeamCountry "NCA"]
[BlackTeamCountry "PAN"]

1. d4 d5 2. c4 e6 3. cxd5 exd5 4. Nc3 Nf6 5. Bg5 Be7 6. Qc2 c6 7. e3 Bg4 8. Bd3
Nbd7 9. Nge2 Bh5 10. Nf4 Bg6 11. Nxg6 hxg6 12. a3 Nh5 13. Bxe7 Qxe7 14. O-O Qh4
15. h3 f5 16. b4 a6 17. a4 Qg5 18. b5 Nhf6 19. bxc6 bxc6 20. f4 Qh4 21. Bxf5
gxf5 22. Qxf5 O-O 23. Qe6+ Kh8 24. Rab1 Rfe8 25. Qd6 Rxe3 26. Qxc6 Rae8 27.
Nxd5 Nxd5 28. Qxd5 Nf6 29. Qg5 Qxg5 30. fxg5 Ne4 31. Rb7 Nxg5 32. h4 Ne6 33.
Rff7 Rd3 34. Rbd7 Rg8 35. d5 Nc5 36. Rd6 Ne4 37. Rdd7 Nf6 38. Ra7 Rxd5 39. Rxa6
Rd3 40. a5 Ra3 41. Raa7 Ra4 42. g3 Nd5 43. a6 Ra2 44. Rf5 Rb8 45. Rf1 Nb4 46.
Rb7 Nc6 47. Rxb8+ Nxb8 48. Rf8+ Kh7 49. Rxb8 Rxa6 50. Kg2 Ra2+ 51. Kh3 Ra3 52.
Rb6 Ra4 53. g4 Ra3+ 54. Kg2 Ra2+ 55. Kf3 Ra3+ 56. Kf4 Ra4+ 57. Kg5 Ra5+ 58. Kf4
Ra4+ 59. Kf5 Ra5+ 60. Ke6 Ra4 61. Kf5 Ra5+ 62. Ke6 Ra4 63. g5 Rxh4 64. g6+ Kxg6
65. Rb5 Rf4 66. Ke7 Re4+ 67. Kf8 Rf4+ 68. Ke7 Kh6 69. Rb1 g5 70. Rg1 Kg6 71.
Rg2 Kh5 72. Rh2+ Kg4 73. Rh8 Kg3 74. Ke6 g4 75. Ke5 Rf7 76. Rg8 Kf3 77. Kd4 g3
78. Kd3 g2 79. Kd2 Kf2 80. Re8 g1=Q 81. Re2+ Kg3 0-1

[Event "2021 FIDE Online Olympiad"]
[Site "Chess.com"]
[Date "2021.08.27"]
[Round "2.5"]
[White "Mendez, Andre"]
[Black "Salazar Cabezas, Alberto Javier"]
[Result "0-1"]
[WhiteElo "1574"]
[BlackElo "2124"]
[PlyCount "42"]
[EventDate "2021.08.27"]
[EventType "team"]
[EventRounds "9"]
[SourceVersionDate "2018.05.14"]
[WhiteTeam "Panama"]
[BlackTeam "Nicaragua"]
[WhiteTeamCountry "PAN"]
[BlackTeamCountry "NCA"]

1. e4 e6 2. d3 d5 3. Nd2 Nf6 4. Ngf3 Nc6 5. g3 dxe4 6. dxe4 e5 7. Bg2 Bc5 8.
O-O O-O 9. c3 a5 10. Qc2 b6 11. Rd1 Ng4 12. Rf1 Ba6 13. c4 Nb4 14. Qc3 Nd3 15.
Nb3 Bb4 16. Qc2 a4 17. Nbd2 Bc5 18. Qc3 Ndxf2 19. Rxf2 Bxf2+ 20. Kf1 Bc5 21.
Nxe5 Bd4 0-1

[Event "2021 FIDE Online Olympiad"]
[Site "Chess.com"]
[Date "2021.08.27"]
[Round "2.6"]
[White "Martinez Gutierrez, Camila Renata"]
[Black "Delgado Rosas, Fatima Alexandra"]
[Result "0-1"]
[WhiteElo "1255"]
[BlackElo "1369"]
[PlyCount "76"]
[EventDate "2021.08.27"]
[EventType "team"]
[EventRounds "9"]
[SourceVersionDate "2018.05.14"]
[WhiteTeam "Nicaragua"]
[BlackTeam "Panama"]
[WhiteTeamCountry "NCA"]
[BlackTeamCountry "PAN"]

1. d4 d5 2. Bf4 Bf5 3. Nf3 e6 4. e3 Nf6 5. Be2 c5 6. c3 Be7 7. O-O O-O 8. Ne5
Qb6 9. b3 Nc6 10. Nd2 Nxe5 11. Bxe5 Rfc8 12. Rc1 c4 13. b4 a5 14. a3 axb4 15.
axb4 Ra3 16. Bxf6 Bxf6 17. Bg4 Bg6 18. Nf3 Rca8 19. Ne5 Bxe5 20. dxe5 Rb3 21.
Ra1 Raa3 22. Rxa3 Rxa3 23. Qd2 Qa6 24. f3 Bd3 25. Rd1 Ra2 26. Qe1 Qa3 27. e4
Qb2 28. Qg3 Qxc3 29. exd5 Qd4+ 30. Kh1 Qxd5 31. Qe1 h6 32. Rd2 Rxd2 33. Qxd2
Qxe5 34. Qd1 Qc3 35. f4 Qxb4 36. Be2 Bxe2 37. Qxe2 Qb1+ 38. Qf1 Qxf1# 0-1

[Event "2021 FIDE Online Olympiad"]
[Site "Chess.com"]
[Date "2021.08.27"]
[Round "2.2"]
[White "Adu Jnr, Lionel"]
[Black "Rodriguez Ulloa, Josue"]
[Result "1/2-1/2"]
[WhiteElo "1907"]
[BlackElo "1707"]
[PlyCount "96"]
[EventDate "2021.08.27"]
[EventType "team"]
[EventRounds "9"]
[SourceVersionDate "2018.05.14"]
[WhiteTeam "Ghana"]
[BlackTeam "Honduras"]
[WhiteTeamCountry "GHA"]
[BlackTeamCountry "HON"]

1. g3 g6 2. Bg2 Bg7 3. d4 Nf6 4. Nf3 O-O 5. O-O d5 6. c3 Re8 7. Re1 Ne4 8. Qb3
c6 9. Ng5 Nxg5 10. Bxg5 h6 11. Bf4 e5 12. Bxe5 Bxe5 13. dxe5 Rxe5 14. Nd2 Nd7
15. Rad1 Nc5 16. Qb4 Nd7 17. Qf4 Qg5 18. Qb4 Qe7 19. Qxe7 Rxe7 20. e4 Nb6 21.
exd5 Rxe1+ 22. Rxe1 cxd5 23. Re8+ Kg7 24. Re7 Kf8 25. Rc7 a5 26. Nf1 a4 27. Ne3
Ra5 28. Kf1 Rb5 29. c4 dxc4 30. Nxc4 Be6 31. Nxb6 Rxb6 32. Rxb7 Rxb7 33. Bxb7
Bxa2 34. Ke2 Ke7 35. Kd3 Kd6 36. Kc3 Kc5 37. h4 f6 38. Be4 g5 39. Bc2 Kb5 40.
Bd3+ Kc5 41. Bc2 Kb5 42. Kd4 Kb4 43. hxg5 hxg5 44. Ke4 Bb3 45. Bd3 Be6 46. Bc2
Bb3 47. Kd3 Be6 48. Ke4 Bb3 1/2-1/2

[Event "2021 FIDE Online Olympiad"]
[Site "Chess.com"]
[Date "2021.08.27"]
[Round "2.3"]
[White "Torres Hernandez, Leslie Carolin"]
[Black "Felix, Tobi"]
[Result "1-0"]
[WhiteElo "1861"]
[BlackElo "1465"]
[PlyCount "47"]
[EventDate "2021.08.27"]
[EventType "team"]
[EventRounds "9"]
[SourceVersionDate "2018.05.14"]
[WhiteTeam "Honduras"]
[BlackTeam "Ghana"]
[WhiteTeamCountry "HON"]
[BlackTeamCountry "GHA"]

1. e4 e6 2. Nc3 d5 3. g3 c5 4. Bg2 Nc6 5. exd5 exd5 6. Nxd5 Bd6 7. Ne2 Nf6 8.
Nxf6+ Qxf6 9. O-O h5 10. h3 h4 11. g4 Qe5 12. f4 Qf6 13. d3 Bxg4 14. hxg4 h3
15. Be4 h2+ 16. Kh1 Qh4 17. Bxc6+ bxc6 18. Nc3 Qg3 19. Qf3 Qh4 20. Qxc6+ Ke7
21. Bd2 Qxg4 22. Rae1+ Be5 23. Rxe5+ Kf8 24. Qxa8+ 1-0

[Event "2021 FIDE Online Olympiad"]
[Site "Chess.com"]
[Date "2021.08.27"]
[Round "2.4"]
[White "Barnor, Mary"]
[Black "Ortiz, Katherine Berenice"]
[Result "0-1"]
[WhiteElo "1000"]
[BlackElo "1842"]
[PlyCount "40"]
[EventDate "2021.08.27"]
[EventType "team"]
[EventRounds "9"]
[SourceVersionDate "2018.05.14"]
[WhiteTeam "Ghana"]
[BlackTeam "Honduras"]
[WhiteTeamCountry "GHA"]
[BlackTeamCountry "HON"]

1. g3 Nf6 2. d4 g6 3. Bg2 Bg7 4. e3 O-O 5. Ne2 d6 6. O-O e5 7. c3 c6 8. Nd2
Nbd7 9. b3 Re8 10. Ba3 d5 11. c4 e4 12. Qc2 Nf8 13. Nf4 Ne6 14. Nxe4 dxe4 15.
Nxe6 Bxe6 16. Bxe4 Nxe4 17. Qxe4 Bh3 18. Qb1 Qf6 19. Re1 Qf3 20. Qd1 Qg2# 0-1

[Event "2021 FIDE Online Olympiad"]
[Site "Chess.com"]
[Date "2021.08.27"]
[Round "2.5"]
[White "Chahin Godoy, Angel Eduardo"]
[Black "Acheampong, Dave Quansah Chief"]
[Result "1-0"]
[WhiteElo "1342"]
[BlackElo "1375"]
[PlyCount "47"]
[EventDate "2021.08.27"]
[EventType "team"]
[EventRounds "9"]
[SourceVersionDate "2018.05.14"]
[WhiteTeam "Honduras"]
[BlackTeam "Ghana"]
[WhiteTeamCountry "HON"]
[BlackTeamCountry "GHA"]

1. e4 c5 2. Nc3 a6 3. a4 d6 4. g3 Nf6 5. Bg2 e6 6. Nge2 Be7 7. O-O O-O 8. d3
Nbd7 9. h3 b6 10. e5 Nd5 11. Nxd5 exd5 12. Bxd5 Rb8 13. exd6 Bxd6 14. Bf4 Nf6
15. Bg2 Re8 16. Bxd6 Qxd6 17. Qd2 Qe5 18. Nc3 Qh5 19. h4 Qg4 20. Rfe1 Rxe1+ 21.
Rxe1 Bb7 22. Bxb7 Rxb7 23. Qg5 Qh3 24. Nd5 1-0

[Event "2021 FIDE Online Olympiad"]
[Site "Chess.com"]
[Date "2021.08.27"]
[Round "2.6"]
[White "Benson, Maud"]
[Black "Viana, Valeria"]
[Result "0-1"]
[WhiteElo "1432"]
[BlackElo "1325"]
[PlyCount "51"]
[EventDate "2021.08.27"]
[EventType "team"]
[EventRounds "9"]
[SourceVersionDate "2018.05.14"]
[WhiteTeam "Ghana"]
[BlackTeam "Honduras"]
[WhiteTeamCountry "GHA"]
[BlackTeamCountry "HON"]

1. d4 Nf6 2. c4 e6 3. Nc3 d5 4. Nf3 Be7 5. e3 b6 6. cxd5 Nxd5 7. Bd3 Bb7 8. a3
Nd7 9. O-O O-O 10. e4 N5f6 11. Bf4 c5 12. Bc2 cxd4 13. Qxd4 Nc5 14. Qxd8 Rfxd8
15. Rfe1 Rd7 16. Rad1 Rxd1 17. Rxd1 Nfxe4 18. Nxe4 Bxe4 19. Bxe4 Nxe4 20. Rd7
Bc5 21. Nd4 Nf6 22. Rd6 Bxd6 23. Bxd6 Rd8 24. Be5 Ng4 25. f4 Nxe5 26. fxe5 0-1

[Event "2021 FIDE Online Olympiad"]
[Site "Chess.com"]
[Date "2021.08.27"]
[Round "2.1"]
[White "Christie, Joshua"]
[Black "Warner, Delisle"]
[Result "1-0"]
[WhiteElo "1915"]
[BlackElo "2195"]
[PlyCount "127"]
[EventDate "2021.08.27"]
[EventType "team"]
[EventRounds "9"]
[SourceVersionDate "2018.05.14"]
[WhiteTeam "Jamaica"]
[BlackTeam "Barbados"]
[WhiteTeamCountry "JAM"]
[BlackTeamCountry "BAR"]

1. d4 d5 2. c4 c6 3. Nc3 Nf6 4. Nf3 a6 5. c5 g6 6. Bf4 Nh5 7. e3 Nxf4 8. exf4
Bg7 9. Be2 b6 10. cxb6 Qxb6 11. Qd2 Bg4 12. Na4 Qa7 13. Nc5 Nd7 14. Nxd7 Bxf3
15. Bxf3 Kxd7 16. Rd1 e6 17. O-O Rhc8 18. Rfe1 Rab8 19. b3 a5 20. f5 gxf5 21.
g4 Rb4 22. gxf5 Bxd4 23. Kh1 Bxf2 24. Rf1 Be3 25. Qc2 Rh4 26. fxe6+ fxe6 27.
Bg4 Qc5 28. Bxe6+ Kc7 29. Rf7+ Kb8 30. Qxc5 Bxc5 31. Bxc8 Kxc8 32. Rc1 Be3 33.
Rxc6+ Kd8 34. Rd6+ Ke8 35. Rb7 Rxh2+ 36. Kxh2 Bf4+ 37. Kg2 Bxd6 38. Rxh7 d4 39.
Kf3 Bb4 40. Ke4 Bc3 41. Kd3 a4 42. bxa4 Kd8 43. a5 Bxa5 44. Kxd4 Kc8 45. Kc5
Kb8 46. Kb5 Be1 47. a4 Bd2 48. Ka6 Bc3 49. Rf7 Bd4 50. Rf8+ Kc7 51. a5 Bc5 52.
Rg8 Bf2 53. Kb5 Kb7 54. Rg7+ Kb8 55. Rf7 Bg3 56. Kb6 Ka8 57. a6 Bh2 58. Rf1 Be5
59. Rd1 Bg3 60. Rd8+ Bb8 61. Rd7 Bg3 62. a7 Bh4 63. Ka6 Bg5 64. Rd5 1-0